| 000 | 00000nam 2200000za 4500 |
| 001 | 9.838080 |
| 003 | CaOODSP |
| 005 | 20250303102015 |
| 007 | cr ||||||||||| |
| 008 | 170612s2017 quc o f000 0 eng d |
| 040 | |aCaOODSP|beng |
| 043 | |an-cn--- |
| 086 | 1 |aP29-003-522-2017E-PDF |
| 245 | 00|aDiesel fuel containing biodiesel (B6-B20) |h[electronic resource]. |
| 250 | |a[June 2017 edition]. |
| 260 | |aGatineau : |bCanadian General Standards Board : |bStandards Council of Canada, |c2017. |
| 300 | |ai, 21 p. |
| 490 | 1 |aNational standard of Canada ; |vno. 3.522-2017 |
| 500 | |a"June 2017." |
| 500 | |a"Experience and excellence"--Cover. |
| 500 | |aSupersedes CAN/CGSB-3.522-2015. |
| 500 | |aIssued also in French under title: Carburant diesel contenant du biodiesel (B6-B20). |
| 520 | |a"This standard applies to Type B, Bxx diesel fuel containing from 6% to 20% by volume of biodiesel. Fuel to this standard is intended for use in high-speed diesel powered equipment for on-road and off-road applications and in select equipment powered by medium-speed diesel engines"--Scope. |
| 692 | 07|2gccst|aDiesel fuel |
| 692 | 07|2gccst|aStandards |
| 710 | 2 |aStandards Council of Canada. |
| 710 | 2 |aCanadian General Standards Board. |
| 775 | 08|tCarburant diesel contenant du biodiesel (B6-B20) |w(CaOODSP)9.838081 |
| 794 | |tDiesel fuel containing biodiesel (B6-B20).|b[February 2020 edition]|w(CaOODSP)9.884952 |
| 795 | |tDiesel fuel containing biodiesel (B6-B20) |b[May 2015 edition]|w(CaOODSP)9.838082 |
| 830 | #0|aNational standard of Canada ;|vno. 3.522-2017.|w(CaOODSP)9.507848 |
| 856 | 40|qPDF|s660 KB|uhttps://publications.gc.ca/collections/collection_2017/ongc-cgsb/P29-003-522-2017-eng.pdf |
| 986 | |aICS 75.160.20 |